Demasiado tarde / (Registro nro. 144169)

Detalles MARC
000 -LEADER
campo de control de longitud fija 00579nam a2200205 4500
001 - NÚMERO DE CONTROL
campo de control 144169
003 - IDENTIFICADOR DE NÚMERO DE CONTROL
campo de control ES-MaACL
005 - FECHA Y HORA DE LA ÚLTIMA TRANSACCIÓN
campo de control 20230906200946.0
007 - CAMPO FIJO DE DESCRIPCIÓN FÍSICA--INFORMACIÓN GENERAL
campo de control de longitud fija t|
008 - DATOS DE LONGITUD FIJA--INFORMACIÓN GENERAL
campo de control de longitud fija 070214s1956 sp r ||||1| spa d
100 1# - ENTRADA PRINCIPAL--NOMBRE DE PERSONA
Nombre de persona Simpson, Margaret.
9 (RLIN) 106598
245 10 - MENCIÓN DEL TÍTULO
Título Demasiado tarde /
Mención de responsabilidad, etc. Margaret Simpson ; [traducción de Matia Tieck].
260 ## - PUBLICACIÓN, DISTRIBUCIÓN, ETC.
Lugar de publicación, distribución, etc. Barcelona :
Nombre del editor, distribuidor, etc. Planeta,
Fecha de publicación, distribución, etc. 1956 (
Fabricante J. Polonio)
300 ## - DESCRIPCIÓN FÍSICA
Extensión 274 p. ;
Dimensiones 19 cm.
490 1# - MENCIÓN DE SERIE
Mención de serie Goliat
700 1# - ENTRADA AGREGADA--NOMBRE PERSONAL
Nombre de persona Tieck, Matia.
9 (RLIN) 110225
830 0# - PUNTO DE ACCESO ADICIONAL DE SERIE-TÍTULO UNIFORME
Título uniforme Goliat
9 (RLIN) 181396
852 ## - LOCALIZACIÓN
Ubicación ES-MaACL
Número de control de estantería C-13412
Sublocalización o colección R.39921
Existencias
Estatus retirado Estado de pérdida Estado de daño No para préstamo Biblioteca de origen Biblioteca actual Ubicación en estantería Fecha de adquisición Fuente de adquisición Total de préstamos Signatura topográfica completa Código de barras Visto por última vez Precio de reemplazo Tipo de ítem Koha
        Biblioteca del Ateneo de Madrid Biblioteca del Ateneo de Madrid Sala Palomar 17/01/2008     C-13412 1149993 23/02/2023 23/02/2023 Libro impreso